Культурология: учебное пособие

Podrobná bibliografie
Hlavní autor: Васильев В. М. Вячеслав Михайлович
Korporativní autor: Московский государственный индустриальный университет
Shrnutí:В настоящем учебном пособии изложено основное содержание курса культурологии в соответствии с Государственным образовательным стандартом высшего профессионального образования. Пособие может быть использовано студентами всех форм обучения, изучающими теорию и историю мировой и отечественной культуры.
Jazyk:ruština
Vydáno: Москва, Изд-во МГИУ, 2007
Vydání:3-е изд., перераб. и доп.
Témata:
Médium: MixedMaterials Kniha
KOHA link:https://koha.lib.tpu.ru/cgi-bin/koha/opac-detail.pl?biblionumber=133792

MARC

LEADER 00000nam0a2200000 4500
001 133792
005 20231101220442.0
010 |a 9785276010274 
035 |a (RuTPU)RU\TPU\book\145011 
090 |a 133792 
100 |a 20080320d2007 m y0rusy50 ca 
101 0 |a rus 
102 |a RU 
105 |a y j 001zy 
200 1 |a Культурология  |e учебное пособие  |f В. М. Васильев  |g Московский государственный индустриальный университет 
205 |a 3-е изд., перераб. и доп. 
210 |a Москва  |c Изд-во МГИУ  |d 2007 
215 |a 326 с. 
330 |a В настоящем учебном пособии изложено основное содержание курса культурологии в соответствии с Государственным образовательным стандартом высшего профессионального образования. Пособие может быть использовано студентами всех форм обучения, изучающими теорию и историю мировой и отечественной культуры. 
606 1 |a Культурология  |2 stltpush  |3 (RuTPU)RU\TPU\subj\67420  |9 83233 
610 1 |a культура 
610 1 |a теория 
610 1 |a история 
610 1 |a духовный мир 
610 1 |a античная культура 
610 1 |a средневековая культура 
610 1 |a Возрождение 
610 1 |a реформация 
610 1 |a Европа 
610 1 |a 17 век 
610 1 |a 18 век 
610 1 |a 19 век 
610 1 |a 20 век 
610 1 |a русская культура 
610 1 |a национальная культура 
610 1 |a учебные пособия 
686 |a Ч111я73  |v LBC/SL-A  |2 rubbk 
700 1 |a Васильев  |b В. М.  |g Вячеслав Михайлович 
712 0 2 |a Московский государственный индустриальный университет  |2 stltpush  |3 (RuTPU)RU\TPU\col\11073 
801 1 |a RU  |b 63413507  |c 20080320  |g PSBO 
801 2 |a RU  |b 63413507  |c 20150609  |g PSBO 
942 |c BK